00449 2200169 4500001002100000008004100021035002000062245005300082100002100135260002800156300002600184020002200210084001400232082000800246650001000254990001500264INLIS000000000003275 ind  a0010-1225000096 aKeajaiban Toko Kelontong NamiyacKeigo Higashino aHigashino, Keigo aJakartabGramediac2025 a400 hlmc13,5 x 20 cm a978-602-0648-29-3 a813 KEI k a813 aFiksi a19750/B/26